Normal view
MARC view
- المقدسي، ابو عبدالله شمس الدين محمد بن احمد 335-380 هجري
Entry Topical Term
001 - CONTROL NUMBER
- control field: 13997
003 - CONTROL NUMBER IDENTIFIER
- control field: JO-AjAnu
005 - DATE AND TIME OF LATEST TRANSACTION
- control field: 20230606072533.0
008 - FIXED-LENGTH DATA ELEMENTS
- fixed length control field: 230606|| aca||aabn | a|a d
040 ## - CATALOGING SOURCE
- Original cataloging agency: JO-AjAnu
- Transcribing agency: JO-AjAnu
150 ## - HEADING--TOPICAL TERM
- Topical term or geographic name entry element: المقدسي، ابو عبدالله شمس الدين محمد بن احمد 335-380 هجري
670 ## - SOURCE DATA FOUND
- Source citation: Work cat.: (JO-AjAnu)7195: أسود، فلاح شاكر, author 13996, المقدسي